| 000 | 00908nam a22001937a 4500 | ||
|---|---|---|---|
| 999 |
_c60858 _d60858 |
||
| 005 | 20231110170308.0 | ||
| 008 | 231110s2006 ru ||||| |||| 00| 0 rus d | ||
| 020 | _a5902689082 | ||
| 041 | _arus | ||
| 080 | _a737 Л-33 | ||
| 100 |
_aЛебедев В. П. _920332 |
||
| 245 |
_aМонетное дело и монетное обращение Ганджийского эмирата Шаддадидов : _b(сер. Х- ХI вв.) / _cВ. П. Лебедев, Д. Б. Марков, А.А. Койфман. |
||
| 264 |
_aМосква : _bНумизматическая литература, _c2006. |
||
| 300 |
_a 136 стр. : _bилл.; _c24 см. |
||
| 653 | _aმონეტა და მონეტების მიმოქცევა | ||
| 700 |
_aМарков, Д. Б. _eავტორი _920333 |
||
| 700 |
_aКойфман, А.А. _eავტორი _920334 |
||
| 942 |
_2udc _cᲬᲘᲒᲜᲘ |
||